000 00440nam a2200133Ia 4500
008 220217s9999 xx 000 0 und d
245 0 _aTesting of rubber and elastomers. Testing with the mooney shearing disk viscometer. Determining the mooney viscosity
260 _c1976
500 _aStandard number: DIN 53 523 Part 3
650 _aElastomers
650 _aMooney shearing disk viscometer
650 _aMooney viscosity
942 _cST
999 _c73334
_d73334